000 00679nam a22002177a 4500
999 _c7010
_d7010
001 7010
003 BD-JhCC
005 20180418171921.0
008 180203b xxu||||| |||| 00| 0 eng d
035 _a(BD-JhCC)7010
040 _aBD-JhCC
_dBD-JhCC
041 _aeng
082 _a500
_bPRA 1978
245 _aপ্রাচীন বিজ্ঞানের ইতিহাস /
_cমোহাম্মদ মোর্তজা...[et.all.].
260 _aঢাকা :
_bবাংলা একাডেমী,
_c1978.
300 _a806 p. :
_c26 cm.
650 _aScience
700 _aমোর্তজা, মোহাম্মদ
942 _2ddc
_cBK